El nacimiento del mundo moderno / (Registro nro. 45858)

Detalles MARC
000 -CABECERA
Longitud fija campo de control 01041nam a2200265Ii 4500
005 - FECHA Y HORA DE LA ULTIMA TRANSACCION
Fecha y hora de la última transacción 20250917172236.0
008 - CODIGOS DE INFORMACION DE LONGITUD FIJA
Códigos de información de longitud fija 241108s9999||||xx |||||||||||||| ||und||
020 ## - NUMERO INTERNACIONAL NORMALIZADO PARA LIBROS
Número Internacional Normalizado para Libros (ISBN) 9501520730
040 ## - FUENTE DE LA CATALOGACION
Centro catalogador de origen CO-ViMGA
Lengua de catalogación spa
Normas de descripción rda
Centro transcriptor CO-ViMGA
082 04 - NUMERO DE LA CLASIFICACION DECIMAL DEWEY
Número de clasificación (R) 940.282 J65n
Número del ítem J65n
Número de edición 23
100 1# - PUNTO DE ACCESO PRINCIPAL-NOMBRE DE PERSONA
Nombre de persona Johnson, Paul
Fechas asociadas al nombre 1928-2023
Término indicativo de función autor
245 10 - TITULO PROPIAMENTE DICHO
Título El nacimiento del mundo moderno /
Mención de responsabilidad, etc. Paul Johnson ; traducción Aníbal Leal.
264 #1 - PRODUCCION, PUBLICACION , DISTRIBUCION, FABRICACION Y COPYRIGHT
Lugar de producción, publicación, distribución, fabricación Buenos Aires, Argentina :
Nombre del productor, editor, distribuidor, fabricante Javier Vergara,
Fecha de de producción, publicación, distribución, fabricación o copyright 2002
300 ## - DESCRIPCION FISICA
Extensión 1087 páginas
Dimensiones 23 cm.
336 ## - TIPO DE CONTENIDO
Término de tipo de contenido texto
Código de tipo de contenido txt
Fuente rdacontenido
337 ## - TIPO DE MEDIO
Nombre del tipo de medio no mediado
Código del tipo de medio n
Fuente rdamedio
338 ## - TIPO DE SOPORTE
Nombre del tipo de soporte volume
Código del tipo de soporte nc
Fuente rdacarrier
534 ## - Nota De Versión Original
Edition statement of original Título original. $tThe birth of the modern.
651 ## - PUNTO DE ACCESO ADICIONAL DE MATERIA - NOMBRE GEOGRAFICO
Nombre geográfico Estados Unidos
Subdivisión de materia general Condiciones económicas
Subdivisión cronológica 1815-1830
651 ## - PUNTO DE ACCESO ADICIONAL DE MATERIA - NOMBRE GEOGRAFICO
Nombre geográfico Estados Unidos $x Condiciones sociales $y 1815-1830.
Subdivisión de materia general Condiciones sociales
Subdivisión cronológica 1815-1830.
651 ## - PUNTO DE ACCESO ADICIONAL DE MATERIA - NOMBRE GEOGRAFICO
Nombre geográfico Europa
Subdivisión de materia general Condiciones económica
Subdivisión cronológica 1815-1830
700 ## - PUNTO DE ACCESO ADICIONAL - NOMBRE DE PERSONA
Nombre de persona Leal, Aníbal Carlos Timoteo
Término indicativo de función traductor
942 ## - ENTRADA DE ELEMENTOS AGREGADOS (KOHA)
Koha [por defecto] tipo de item LIbro
Fuente de clasificaión o esquema Dewey Decimal Classification
Existencias
Perdido Estado Físico No para préstamo Forma de adquisición Localización permanente Localización actual Localización en estanterías Fecha adquisición Serie de enumeración / cronolog&íacute;a Signatura completa Código de barras Fecha última consulta Número de copia Fecha del precio de reemplazo Tipo de item de Koha Note pública
      Sala General Biblioteca Pública Departamental Eduardo Carranza - Villavicencio Biblioteca Pública Departamental Eduardo Carranza - Villavicencio General 07/27/2004 Vol.1 940.282 J65n ECA15299 11/26/2024 Ej.1 11/26/2024 LIbro 134 | 158









Instituto Departamental de Cultura del Meta - Red Departamental de Bibliotecas Públicas del Meta.